000 02105cam a2200169 4500500
005 20251228073636.0
041 _afre
042 _adc
100 1 0 _aProst, Francis
_eauthor
245 0 0 _aNiemeier Wolf-Dietrich, Der Kuros vom Heiligen Tor, Überraschende Neufunde archaischer Skulptur im Kerameikos in Athen (Sonderbände der Antiken Welt, Zaberns Bildbände zur Archäologie), Mayence/Rhin, Philipp von Zabern, 2002, 1 vol. 21,5 × 30,5, IV + 58 p., 66 fig. ds t.
260 _c2005.
500 _a53
520 _aL’article est une étude critique élargie de l’ouvrage de P. Zanker, Ewald B. Chr., Mit Mythen leben, Die Bilderwelt der römischen Sarkophage. L’A., lui-même spécialiste reconnu de l’iconographie et des sarcophages romains, reprend les points essentiels de l’ouvrage, les discute et parfois les contredit. « Vivre avec des mythes » était naturel durant l’Antiquité, mais nous sommes aujourd’hui dans l’incapacité d’avoir les réactions des Anciens devant ces sarcophages et leur iconographie. Comme cette difficulté est définitive, R. T. rappelle l’importance des sources antiques qui, seules, contribuent à nous informer sur la lecture qu’il faut donner aux images sépulcrales.
520 _aTo Live with Myths : About a Recent Book.This is an expanded review of the book by P. Zanker and B. Chr. Ewald, Mit Mythen leben, Die Bilderwelt der römischen Sarkophage. The A., a recognised specialist in Roman iconography and sarcophagi, examines and sometimes disagrees with some of the basic issues in the book. « To live with myths » was natural in Antiquity, but today we are quite incapable of sharing the original response of people to the sarcophagi and their iconography. This is an absolute difficulty, and the reviewer insists on the importance of ancient literary sources as our only means of understanding sepulchral imagery.
786 0 _nRevue archéologique | 39 | 1 | 2005-03-01 | p. 89zi-182zi | 0035-0737
856 4 1 _uhttps://shs.cairn.info/revue-archeologique-2005-1-page-89zi?lang=fr&redirect-ssocas=7080
999 _c1595652
_d1595652